| 000 | 00857nam a22002297a 4500 | ||
|---|---|---|---|
| 999 |
_c20356 _d20356 |
||
| 003 | AR-CdUCM | ||
| 008 | 190529b ||||| |||| 00| 0 spa d | ||
| 040 |
_aMUNICIPALIDAD PROVINCIAL DEL CUSCO _cBIBLIOTECA MUNICIPAL DEL CUSCO |
||
| 041 | _heng | ||
| 082 |
_a301 / _bB48 |
||
| 100 |
_aBiesanz, John Berry y Biesanz, Mavis _942575 |
||
| 245 |
_aLa sociedad moderna : _bIntroducción a la sociología / |
||
| 260 |
_aMéxico D.F : _bEd. Letras, S.A, _c1958. |
||
| 300 |
_a810 páginas ; _c24 cm. _bMapas, planos. |
||
| 500 | _aVersión al español: Tomás Avendaño J. | ||
| 505 | _aContenido: La ciencia y la tecnología -- Los indios cunas de de San Blas, Panamá -- La ídole de la cultura... | ||
| 650 |
_aSociología _9276 |
||
| 650 |
_aEstados Unidos _91805 |
||
| 650 |
_aCondiciones sociales _91132 |
||
| 942 |
_2ddc _cLIBROS |
||
| 945 | _aJavier | ||